000
00295nam a2200133Ia 4500
100
_a
Simons. Eric N.
942
_c
BK
654
_a
Testing of metals
245
_a
Testing of metals
260
_b
Great Albion Books
_a
New Jersey
_c
1972
082
_a
620.17
300
_a
200
546
_a
ENGLISH
999
_c
25185
_d
25185